Applications mobiles - Statistiques

Statistiques générales
  • Ce quiz a été pris 409 fois
  • Le résultat moyen est 31 sur 45
Statistiques - réponses
Par images Réponse % Correct
Instagram
100%
YouTube
100%
Snapchat
99%
Spotify
99%
TikTok
99%
Twitter / X
95%
Pinterest
92%
Netflix
91%
WhatsApp
91%
Candy Crush
90%
Facebook
90%
Google
90%
Vinted
90%
Discord
86%
Twitch
85%
Google Maps
83%
Google Play / Play Store
82%
Safari
82%
Tinder
80%
Waze
78%
Siri
76%
BeReal
74%
Linkedin
71%
Capcut
70%
Subway Surfers
69%
SHEIN
66%
ChatGPT
65%
PRONOTE
64%
Brawl Stars
63%
Roblox
62%
Temple Run
61%
Fruit Ninja
58%
Geometry Dash
57%
Reddit
57%
Threads
52%
Photoshop
50%
Plato
49%
Crunchyroll
40%
Talking Tom
35%
Jetpack Joyride
33%
Wattpad
31%
Tumblr
22%
Expedia
11%
Amour Sucré
10%
Omada
10%
Aucun quiz correspondant
Distribution des résultats
% des personnes avec chaque résultat
Percentile par nombre de réponses
Votre historique - résultats
Vous n’avez pas pris ce quiz